[Event "28.Schlosspark-Open"]
[Site "Wiesbaden-Biebrich"]
[Date "2016.08.27"]
[Round "4.1"]
[White "Boidman, Yuri"]
[Black "Khenkin, Igor"]
[Result "0-1"]
[WhiteElo "2315"]
[BlackElo "2553"]
[PlyCount "86"]
[EventDate "2016.??.??"]
[WhiteTeam "SC Heimbach-Weis"]
[BlackTeam "SG Porz"]

1. e4 c6 2. c4 d5 3. cxd5 cxd5 4. exd5 Nf6 5. Bb5+ Nbd7 6. Nc3 g6 7. Nf3 Bg7 8.
Qb3 O-O 9. Bc4 Nc5 10. Qa3 Nce4 11. O-O a6 12. Nxe4 Nxe4 13. Qe3 Nf6 14. d4 b5
15. Bb3 Bb7 16. Ne5 Bxd5 17. Re1 e6 18. Bd2 a5 19. Rac1 a4 20. Bxd5 Qxd5 21. a3
Rfc8 22. Bb4 Nd7 23. f4 Nxe5 24. dxe5 Rxc1 25. Rxc1 Bf8 26. Bxf8 Rxf8 27. h3
Rd8 28. Rf1 h5 29. h4 Kg7 30. Rf2 Qc4 31. Qe2 Qc1+ 32. Rf1 Qc5+ 33. Kh2 Rd4 34.
Qf2 Qc4 35. Rc1 Qd5 36. Qg3 Qe4 37. Rf1 Rd2 38. Rf2 Rd1 39. Qg5 Qe1 40. Rf3
Qg1+ 41. Kh3 Qh1+ 42. Kg3 Rd2 43. f5 Qxg2+ 0-1

[Event "28.Schlosspark-Open"]
[Site "Wiesbaden-Biebrich"]
[Date "2016.08.27"]
[Round "4.2"]
[White "Grimm, Julius"]
[Black "Kveinys, Aloyzas"]
[Result "0-1"]
[WhiteElo "2288"]
[BlackElo "2509"]
[PlyCount "74"]
[EventDate "2016.??.??"]
[WhiteTeam "SV Griesheim"]
[BlackTeam "vereinslos"]

1. d4 g6 2. c4 Bg7 3. e4 d6 4. Nc3 e5 5. Nge2 Nc6 6. Be3 Nh6 7. f3 f5 8. Qd2
Nf7 9. O-O-O f4 10. Bf2 g5 11. Kb1 Bd7 12. d5 Ne7 13. c5 Ng6 14. Nc1 g4 15. Bb5
O-O 16. Bxd7 Qxd7 17. Qe2 h5 18. Nb3 Bf6 19. Rc1 Bh4 20. Bxh4 Nxh4 21. cxd6
cxd6 22. Nb5 Nxg2 23. Nc7 gxf3 24. Qxf3 Qg4 25. Qf2 Ng5 26. Nxa8 Rxa8 27. Nd2
f3 28. Rc4 Rf8 29. Rf1 b5 30. Rc7 Nxe4 31. Nxe4 Qxe4+ 32. Ka1 Qg6 33. Rfc1 e4
34. Qxa7 e3 35. Rc8 Qf5 36. Rxf8+ Qxf8 37. Qd7 e2 0-1

[Event "28.Schlosspark-Open"]
[Site "Wiesbaden-Biebrich"]
[Date "2016.08.27"]
[Round "4.3"]
[White "Bauer, Björn-Benny"]
[Black "Kollars, Dmitrij"]
[Result "0-1"]
[WhiteElo "2251"]
[BlackElo "2483"]
[PlyCount "68"]
[EventDate "2016.??.??"]
[WhiteTeam "SK Gau-Algesheim"]
[BlackTeam "Hamburger SK"]

1. d4 d5 2. c4 c6 3. Nf3 Nf6 4. g3 dxc4 5. Bg2 b5 6. Ne5 Bb7 7. O-O e6 8. a4
Qb6 9. Nc3 a5 10. b3 cxb3 11. Qxb3 b4 12. Bb2 Be7 13. Rac1 Nbd7 14. Nxd7 Nxd7
15. Ne4 O-O 16. Rc2 c5 17. dxc5 Nxc5 18. Nxc5 Bxg2 19. Kxg2 Bxc5 20. Qc4 Be7
21. Qg4 g6 22. Rfc1 Rfd8 23. Qf3 Ra7 24. Rc6 Qb7 25. Qf4 Rd6 26. Qe5 f6 27. Qb5
Qxb5 28. axb5 Kf7 29. Rxd6 Bxd6 30. Rc6 Ke7 31. Bd4 Rb7 32. Ra6 e5 33. b6 exd4
34. Ra7 Rd7 0-1

[Event "28.Schlosspark-Open"]
[Site "Wiesbaden-Biebrich"]
[Date "2016.08.27"]
[Round "4.4"]
[White "Karsay, Pascal"]
[Black "Gutman, Lev"]
[Result "0-1"]
[WhiteElo "2047"]
[BlackElo "2439"]
[PlyCount "62"]
[EventDate "2016.??.??"]
[WhiteTeam "Vorw.Orient Mainz"]
[BlackTeam "SV Lingen"]

1. e4 c5 2. Nf3 Nc6 3. d4 cxd4 4. Nxd4 Nf6 5. Nc3 d6 6. Bg5 Qb6 7. Nb3 e6 8.
Bf4 Ne5 9. Be3 Qc7 10. f4 Nc6 11. Bd3 a6 12. Qf3 h5 13. O-O-O b5 14. Rhe1 Bb7
15. Kb1 Be7 16. Qg3 g6 17. Nd4 h4 18. Qf3 Na5 19. g4 hxg3 20. hxg3 Nc4 21. Bc1
Rc8 22. b3 Nb6 23. Bb2 b4 24. Na4 Nxa4 25. bxa4 d5 26. e5 Ne4 27. Bxe4 dxe4 28.
Qe3 Qc4 29. Qf2 Bc5 30. Qg2 Bd5 31. Nb3 e3 0-1

[Event "28.Schlosspark-Open"]
[Site "Wiesbaden-Biebrich"]
[Date "2016.08.27"]
[Round "4.5"]
[White "Ikonnikov, Vyacheslav"]
[Black "Höglauer, Patrick"]
[Result "1-0"]
[WhiteElo "2536"]
[BlackElo "2153"]
[PlyCount "65"]
[EventDate "2016.??.??"]
[WhiteTeam "SF Bad Mergentheim"]
[BlackTeam "SC Grunbach"]

1. d4 d5 2. Nf3 Nf6 3. c4 c6 4. Nc3 a6 5. c5 Nbd7 6. Bf4 Nh5 7. Bd2 Nhf6 8. h3
g6 9. Bf4 Bg7 10. e3 O-O 11. Bd3 Re8 12. Bh2 b6 13. cxb6 Qxb6 14. Qb3 Qa5 15.
O-O Ra7 16. Qa4 Qb6 17. Qa3 a5 18. Na4 Qb4 19. Rfc1 Ba6 20. Bxa6 Qxa3 21. bxa3
Rxa6 22. Rab1 Rc8 23. Rb7 h6 24. g4 Kf8 25. Ne1 g5 26. Nd3 Ke8 27. Be5 Nxe5 28.
dxe5 Ne4 29. Nb6 Rd8 30. Rxc6 a4 31. Rcc7 Bf8 32. Nb4 Ra5 33. Nc6 1-0

[Event "28.Schlosspark-Open"]
[Site "Wiesbaden-Biebrich"]
[Date "2016.08.27"]
[Round "4.6"]
[White "Poetsch, Hagen"]
[Black "Bösch, Udo"]
[Result "1-0"]
[WhiteElo "2501"]
[BlackElo "2101"]
[PlyCount "69"]
[EventDate "2016.??.??"]
[WhiteTeam "SF Schöneck"]
[BlackTeam "SK Ebringen"]

1. e4 c5 2. Nf3 d6 3. d4 cxd4 4. Nxd4 Nf6 5. Nc3 a6 6. Bg5 Qa5 7. Bxf6 gxf6 8.
f4 Nc6 9. Nb3 Qb4 10. f5 h5 11. Be2 h4 12. O-O Qb6+ 13. Kh1 Ne5 14. Nd5 Qd8 15.
Qe1 Bd7 16. h3 Bc6 17. Rf4 Bxd5 18. exd5 Qd7 19. Nd4 O-O-O 20. b4 Bh6 21. Re4
Qc7 22. Rb1 Qb6 23. a4 Kd7 24. a5 Qa7 25. b5 Qc5 26. bxa6 bxa6 27. Rb7+ Ke8 28.
Nc6 Ra8 29. Nxe5 fxe5 30. Qxh4 f6 31. Rc4 Qe3 32. Qh5+ Kf8 33. Rcc7 Qc1+ 34.
Bd1 Re8 35. Rxe7 1-0

[Event "28.Schlosspark-Open"]
[Site "Wiesbaden-Biebrich"]
[Date "2016.08.27"]
[Round "4.7"]
[White "Carlstedt, Jonathan"]
[Black "Leidorf, Sebastian"]
[Result "1-0"]
[WhiteElo "2450"]
[BlackElo "2097"]
[PlyCount "145"]
[EventDate "2016.??.??"]
[WhiteTeam "Hamburger SK"]
[BlackTeam "SV Bergwinkel"]

1. d4 e6 2. c4 d5 3. Nc3 c5 4. cxd5 exd5 5. Nf3 Nc6 6. dxc5 d4 7. Na4 Bxc5 8.
Nxc5 Qa5+ 9. Bd2 Qxc5 10. Rc1 Qb6 11. e3 Nge7 12. Bc4 O-O 13. Nxd4 Nxd4 14.
exd4 Qxd4 15. Bb4 Qxd1+ 16. Rxd1 Re8 17. O-O Nc6 18. Ba3 Bf5 19. f3 Red8 20.
Kf2 Nd4 21. Bc5 Be6 22. Bd3 Nc6 23. b3 Rd5 24. Be3 Rad8 25. Be2 Rxd1 26. Rxd1
Rxd1 27. Bxd1 b6 28. Bc2 Nb4 29. Bb1 h6 30. Bd2 Nd5 31. g4 f6 32. Ke2 Kf7 33.
Kd3 h5 34. Kd4 hxg4 35. fxg4 Ne7 36. h3 Nc6+ 37. Ke4 g5 38. Bc3 Ne7 39. Kf3
Bd5+ 40. Kf2 Ng6 41. Bd3 Nf4 42. Bf1 Ke6 43. Kg3 Ng6 44. Bd3 Ne7 45. Bc2 a5 46.
Bd4 b5 47. a3 Nc6 48. Bb6 Ke5 49. Kf2 Nd4 50. Bd3 b4 51. Bxa5 bxa3 52. Bc3 Bxb3
53. Ke3 Bd5 54. Bxd4+ Ke6 55. Bf5+ Kf7 56. Be4 Bc4 57. Kf2 a2 58. Ba1 Ke7 59.
Kg3 Ke6 60. Bf5+ Ke7 61. h4 gxh4+ 62. Kxh4 Bf7 63. Bc2 Bc4 64. Kh5 Be2 65. Bf5
Kf7 66. Kh6 Bf3 67. Bg6+ Ke6 68. Bh5 Be4 69. Kg7 f5 70. Bf7+ Kd6 71. g5 Bd5 72.
Bxd5 Kxd5 73. g6 1-0

[Event "28.Schlosspark-Open"]
[Site "Wiesbaden-Biebrich"]
[Date "2016.08.27"]
[Round "4.8"]
[White "Malek, Daniel"]
[Black "Neukirchner, Pascal"]
[Result "1-0"]
[WhiteElo "2430"]
[BlackElo "2082"]
[PlyCount "51"]
[EventDate "2016.??.??"]
[WhiteTeam "SK Zehlendorf"]
[BlackTeam "SK Gründau"]

1. d4 Nf6 2. Bg5 c5 3. Bxf6 gxf6 4. d5 Qb6 5. Qc1 f5 6. c4 Bg7 7. Nc3 d6 8. e3
Nd7 9. Qc2 O-O 10. Nge2 Nf6 11. Ng3 Ne4 12. Bd3 Nxc3 13. bxc3 Qa5 14. Rc1 e6
15. O-O Bd7 16. f4 Ba4 17. Qb2 Rab8 18. e4 b5 19. Qe2 bxc4 20. Bxc4 exd5 21.
Bxd5 Bxc3 22. Nxf5 Rb2 23. Qh5 Kh8 24. Kh1 Bb5 25. Rf3 Rxg2 26. Rh3 1-0

[Event "28.Schlosspark-Open"]
[Site "Wiesbaden-Biebrich"]
[Date "2016.08.27"]
[Round "4.9"]
[White "Ehmann, Thilo"]
[Black "Flach, Erich"]
[Result "1-0"]
[WhiteElo "2283"]
[BlackElo "2073"]
[PlyCount "103"]
[EventDate "2016.??.??"]
[WhiteTeam "SF Sasbach"]
[BlackTeam "SK Langen"]

1. e4 c5 2. Nf3 e6 3. c4 a6 4. d4 cxd4 5. Nxd4 Nf6 6. Nc3 Qc7 7. a3 b6 8. Be2
Bb7 9. f3 d6 10. Be3 Be7 11. O-O Nbd7 12. Qd2 Rc8 13. Rac1 Qb8 14. Rfd1 Bd8 15.
Kh1 Bc7 16. Qe1 h5 17. Qh4 Ne5 18. Qh3 Kf8 19. Bf1 Kg8 20. Bg5 Bd8 21. Kg1 Rc7
22. Na2 h4 23. f4 Ng6 24. Nc3 Nh5 25. Nxe6 Bxg5 26. Nxg5 Nhxf4 27. Qe3 Ba8 28.
Rxd6 Rh5 29. Rcd1 Rc8 30. Nf3 Bc6 31. R6d2 Ne6 32. Nd5 b5 33. Nb4 Bb7 34. cxb5
axb5 35. Nd5 Ba8 36. Nb6 Re8 37. Nxa8 Qxa8 38. Rd5 Rxd5 39. exd5 Nef4 40. Qf2
Qa4 41. Rd4 Qb3 42. d6 Ne6 43. Rd2 Qa4 44. Nd4 Nxd4 45. Qxd4 Qa5 46. Re2 Rxe2
47. Bxe2 Ne5 48. d7 Nc6 49. b4 Qd8 50. Qd6 Qa8 51. Qc7 Nd8 52. Bf3 1-0

[Event "28.Schlosspark-Open"]
[Site "Wiesbaden-Biebrich"]
[Date "2016.08.27"]
[Round "4.10"]
[White "Köllner, Ruben Gideon"]
[Black "Kersten, Uwe"]
[Result "0-1"]
[WhiteElo "2053"]
[BlackElo "2274"]
[PlyCount "34"]
[EventDate "2016.??.??"]
[WhiteTeam "SG Bochum"]
[BlackTeam "Kasseler SK"]

1. d4 Nf6 2. Nf3 e6 3. Nbd2 c5 4. e3 b6 5. Bd3 cxd4 6. exd4 Bb7 7. Qe2 Be7 8.
Ne4 O-O 9. Bf4 Nd5 10. Bd6 f5 11. Bxe7 Qxe7 12. Ned2 Nf4 13. Qf1 Bxf3 14. Nxf3
Qb4+ 15. Kd1 Qxb2 16. Rc1 Nc6 17. g3 Nd5 0-1

[Event "28.Schlosspark-Open"]
[Site "Wiesbaden-Biebrich"]
[Date "2016.08.27"]
[Round "4.11"]
[White "Frey, Thomas"]
[Black "Kiese, Matthias"]
[Result "0-1"]
[WhiteElo "2052"]
[BlackElo "2268"]
[PlyCount "88"]
[EventDate "2016.??.??"]
[WhiteTeam "SV Reutlingen"]
[BlackTeam "Bochumer SV"]

1. e4 c5 2. c3 d5 3. exd5 Qxd5 4. d4 Nc6 5. Nf3 cxd4 6. cxd4 Bg4 7. Be2 e6 8.
O-O Nf6 9. Nc3 Qa5 10. h3 Bh5 11. Be3 Bd6 12. a3 O-O 13. Qb3 Ne7 14. g4 Bg6 15.
Nd2 Ned5 16. Nc4 Qc7 17. Nxd5 Nxd5 18. Nxd6 Qxd6 19. Bf3 Rac8 20. Rac1 b6 21.
Bd2 Rfd8 22. Rxc8 Rxc8 23. Rc1 Rxc1+ 24. Bxc1 Qc6 25. Bd2 h6 26. Kg2 Bc2 27.
Qc3 Qa4 28. Bxd5 exd5 29. Qc7 Be4+ 30. f3 Qd1 31. fxe4 Qxd2+ 32. Kh1 Qe1+ 33.
Kh2 Qf2+ 34. Kh1 dxe4 35. Qc8+ Kh7 36. Qf5+ Qxf5 37. gxf5 g5 38. d5 Kg7 39. Kg2
h5 40. Kf2 g4 41. hxg4 hxg4 42. d6 Kf8 43. Ke3 g3 44. f6 Ke8 0-1

[Event "28.Schlosspark-Open"]
[Site "Wiesbaden-Biebrich"]
[Date "2016.08.27"]
[Round "4.12"]
[White "Zimmer, Gerald"]
[Black "Minor, Samuel"]
[Result "0-1"]
[WhiteElo "1939"]
[BlackElo "2189"]
[PlyCount "76"]
[EventDate "2016.??.??"]
[WhiteTeam "SC Bergen-Enkheim"]
[BlackTeam "Wiesbadener SV"]

1. d4 g6 2. g3 f5 3. Bg2 Bg7 4. Nf3 Nf6 5. O-O O-O 6. b3 d6 7. Bb2 c6 8. c4 Na6
9. e3 e5 10. dxe5 Ng4 11. h3 Nxe5 12. Qd2 Nc5 13. Rd1 Qe7 14. Nc3 Ned3 15. Ba3
Nxf2 16. Bxc5 Nxd1 17. Bxd6 Qxe3+ 18. Qxe3 Nxe3 19. Bxf8 Kxf8 20. Rc1 Nxg2 21.
Kxg2 Be6 22. Ne2 Rd8 23. Rc2 h6 24. Nf4 Bf7 25. Re2 Re8 26. Rd2 g5 27. Nd3 Rd8
28. Nc5 Rxd2+ 29. Nxd2 b6 30. Nd3 Ke7 31. Kf3 Bd4 32. Nb4 Kd6 33. Nc2 Bc3 34.
Nb1 Be5 35. Nd2 Bg6 36. Ne3 Kc5 37. a3 Kd4 38. Ke2 Bxg3 0-1

[Event "28.Schlosspark-Open"]
[Site "Wiesbaden-Biebrich"]
[Date "2016.08.27"]
[Round "4.13"]
[White "Köllner, Aaron Noah"]
[Black "Ruppert, Wolfgang"]
[Result "0-1"]
[WhiteElo "1819"]
[BlackElo "2178"]
[PlyCount "66"]
[EventDate "2016.??.??"]
[WhiteTeam "SV Bergneustadt/Derschlag"]
[BlackTeam "SC Flörsheim"]

1. d4 d5 2. Nf3 Nf6 3. e3 e6 4. Bd3 c5 5. c3 Nc6 6. Nbd2 Bd6 7. O-O O-O 8. dxc5
Bxc5 9. e4 Qc7 10. Qc2 h6 11. h3 Bd7 12. Re1 e5 13. exd5 Nxd5 14. Nc4 Rae8 15.
Be4 Be6 16. b4 Ndxb4 17. cxb4 Nxb4 18. Qc3 Bxc4 19. Be3 Bd6 20. Rec1 Rc8 21.
Qd2 f5 22. Rxc4 Qxc4 23. Qxd6 Qxe4 24. Qe6+ Kh7 25. Nxe5 f4 26. Bd2 Rfe8 27.
Qd7 Rcd8 28. Qf7 Qxe5 29. Re1 Qd5 30. Qxf4 Rxe1+ 31. Bxe1 Nd3 32. Qe3 Nxe1 33.
Qxe1 Qd1 0-1

[Event "28.Schlosspark-Open"]
[Site "Wiesbaden-Biebrich"]
[Date "2016.08.27"]
[Round "4.14"]
[White "Spitzl, Vinzent"]
[Black "Rump, Andreas"]
[Result "1-0"]
[WhiteElo "2238"]
[BlackElo "1928"]
[PlyCount "113"]
[EventDate "2016.??.??"]
[WhiteTeam "SV Griesheim"]
[BlackTeam "SG Idstein"]

1. e4 e6 2. d4 d5 3. e5 c5 4. c3 Nc6 5. Nf3 Nge7 6. Na3 Nf5 7. Nc2 c4 8. Ne3
Nxe3 9. Bxe3 Be7 10. Be2 O-O 11. O-O f6 12. exf6 Bxf6 13. b3 b5 14. a4 Na5 15.
Nd2 Bd7 16. axb5 Bxb5 17. bxc4 dxc4 18. Qb1 a6 19. Qa2 Nb3 20. Rab1 Nxd2 21.
Bxd2 Qc7 22. f4 Be7 23. Rfe1 Rae8 24. Bg4 Bd6 25. Bxe6+ Kh8 26. Bd5 Rd8 27. Bf3
Bxf4 28. Bxf4 Rxf4 29. Re5 Rdf8 30. Rbe1 Qf7 31. Qc2 Qf6 32. Re6 Qg5 33. R6e5
Qf6 34. R1e4 g5 35. Rxf4 Qxf4 36. Re7 Rf7 37. Rxf7 Qxf7 38. Qe4 Qe8 39. Qxe8+
Bxe8 40. Be2 Bb5 41. Kf2 Kg7 42. Ke3 a5 43. Kd2 Kf6 44. Bg4 Ba4 45. Kc1 Bb5 46.
Kb2 Bc6 47. Bf3 Bb5 48. Be4 h6 49. Ka3 Ke6 50. Bc2 Bc6 51. g3 Be8 52. Ba4 Bf7
53. Bb5 Kf5 54. Ka4 Ke4 55. Kxa5 Kd3 56. Kb4 Be6 57. Bc6 1-0

[Event "28.Schlosspark-Open"]
[Site "Wiesbaden-Biebrich"]
[Date "2016.08.27"]
[Round "4.15"]
[White "Jahnel, Günther"]
[Black "Tuchtfeld, Jürgen"]
[Result "1/2-1/2"]
[WhiteElo "2272"]
[BlackElo "1957"]
[PlyCount "29"]
[EventDate "2016.??.??"]
[WhiteTeam "FVS ASP Hoyerswerda"]
[BlackTeam "SK Ebringen"]

1. d4 d5 2. c4 Bf5 3. Nc3 e6 4. Nf3 Nc6 5. cxd5 exd5 6. a3 Nf6 7. Bg5 Be7 8. e3
Ne4 9. Bxe7 Nxe7 10. Rc1 c6 11. Bd3 Nd6 12. Bxf5 Nexf5 13. O-O O-O 14. Qc2 Rc8
15. Na4 1/2-1/2

[Event "28.Schlosspark-Open"]
[Site "Wiesbaden-Biebrich"]
[Date "2016.08.27"]
[Round "4.17"]
[White "Rolle, Eric"]
[Black "Schultze, JÃ¶rg-Martin"]
[Result "1-0"]
[WhiteElo "2200"]
[BlackElo "1973"]
[PlyCount "87"]
[EventDate "2016.??.??"]
[WhiteTeam "SK Marburg"]
[BlackTeam "SF Anderssen Wetzlar"]

1. Nf3 d5 2. g3 Nf6 3. Bg2 Bg4 4. c4 c6 5. O-O Nbd7 6. d3 e6 7. h3 Bxf3 8. exf3
Be7 9. b3 Qb6 10. Qc2 Nh5 11. Kh2 Bf6 12. Nc3 Bxc3 13. Qxc3 d4 14. Qe1 O-O 15.
f4 Nhf6 16. Rb1 Rfe8 17. Qd2 Rad8 18. b4 a5 19. a3 c5 20. Rb2 cxb4 21. axb4 a4
22. Ra2 Ra8 23. Bb2 e5 24. fxe5 Nxe5 25. Rfa1 Qd6 26. Rxa4 Rxa4 27. Rxa4 Nc6
28. b5 Nd8 29. Ra8 b6 30. Qf4 Qxf4 31. gxf4 Ne6 32. Rxe8+ Nxe8 33. f5 Nc5 34.
Bxd4 Nxd3 35. Bxb6 Nd6 36. c5 Nc8 37. Bf1 Nxf2 38. Bc7 Ne4 39. c6 Na7 40. Bb8
Nc8 41. Bc7 Nd2 42. Be2 Na7 43. Bb6 Nc8 44. Be3 1-0

[Event "28.Schlosspark-Open"]
[Site "Wiesbaden-Biebrich"]
[Date "2016.08.27"]
[Round "4.18"]
[White "Henrich, David"]
[Black "Goldt, Rainer"]
[Result "1-0"]
[WhiteElo "2178"]
[BlackElo "1956"]
[PlyCount "87"]
[EventDate "2016.??.??"]
[WhiteTeam "SK Niederbrechen"]
[BlackTeam "Kreuznacher SV"]

1. c4 e5 2. g3 Nf6 3. Bg2 d5 4. cxd5 Nxd5 5. Nc3 Nb6 6. Nf3 Nc6 7. O-O Be7 8.
Rb1 O-O 9. b4 a6 10. a3 Be6 11. d3 f6 12. Ne4 Rb8 13. Bd2 Nd5 14. Qc2 Nd4 15.
Nxd4 exd4 16. Nc5 Bxc5 17. Qxc5 Ne7 18. Bf4 Nd5 19. Qxd4 Nxf4 20. Qxf4 c6 21.
a4 Qd7 22. Rfe1 Rfe8 23. Bf3 Rbd8 24. Red1 Qf7 25. b5 axb5 26. axb5 Bd5 27.
bxc6 Bxc6 28. Bxc6 bxc6 29. e3 c5 30. Rbc1 Qb3 31. Qc4+ Qxc4 32. Rxc4 Re5 33.
Kf1 Kf7 34. Ke2 g6 35. Rdc1 Red5 36. R1c3 Rc8 37. Rb3 Ra8 38. Rb7+ Kg8 39. Rc2
Rad8 40. Rc3 f5 41. Rb5 Ra8 42. Rbxc5 Rxc5 43. Rxc5 Ra2+ 44. Kf3 1-0

[Event "28.Schlosspark-Open"]
[Site "Wiesbaden-Biebrich"]
[Date "2016.08.27"]
[Round "4.19"]
[White "Heinemann, Ernst"]
[Black "Leck, Gerrit"]
[Result "1-0"]
[WhiteElo "2177"]
[BlackElo "1916"]
[PlyCount "77"]
[EventDate "2016.??.??"]
[WhiteTeam "SK Oldenburg"]
[BlackTeam "SV Lahn Limburg"]

1. e4 c5 2. Nf3 d6 3. Bb5+ Nd7 4. O-O a6 5. Bxd7+ Bxd7 6. Re1 Nf6 7. c3 e6 8.
d4 cxd4 9. cxd4 d5 10. e5 Ne4 11. a3 Be7 12. Nbd2 Nxd2 13. Bxd2 O-O 14. Qb3 b6
15. Bb4 Bb5 16. Bxe7 Qxe7 17. Rac1 Qd7 18. Re3 Rfc8 19. Rec3 Rxc3 20. Qxc3 h6
21. h3 Ra7 22. Nd2 a5 23. Nb1 Rb7 24. Nd2 Rb8 25. Nf1 Ba6 26. Qc6 Qxc6 27. Rxc6
Kf8 28. Ne3 h5 29. f4 g6 30. g4 hxg4 31. Nxg4 Rb7 32. Nf6 Bb5 33. Rc8+ Ke7 34.
b3 a4 35. b4 Ra7 36. Kf2 Rb7 37. Kg3 Ra7 38. Kh4 Rb7 39. Kg5 1-0

[Event "28.Schlosspark-Open"]
[Site "Wiesbaden-Biebrich"]
[Date "2016.08.27"]
[Round "4.20"]
[White "KÃ¶llner, Christof"]
[Black "Erlekam, Simon"]
[Result "1/2-1/2"]
[WhiteElo "2130"]
[BlackElo "1799"]
[PlyCount "117"]
[EventDate "2016.??.??"]
[WhiteTeam "SV Bergneustadt/Derschlag"]
[BlackTeam "SK Gau-Algesheim"]

1. d4 Nf6 2. Nf3 g6 3. Nbd2 Bg7 4. e4 d6 5. c3 O-O 6. Bc4 Nc6 7. O-O e5 8. Re1
exd4 9. cxd4 d5 10. exd5 Nxd5 11. Nb3 Bg4 12. Be3 Nb6 13. Be2 Qd5 14. h3 Bf5
15. Rc1 Rad8 16. Qd2 Rfe8 17. Red1 Kf8 18. Nc5 Qxa2 19. g4 Bc8 20. Bb5 Qd5 21.
Ne1 h5 22. f3 Bd7 23. Qc3 a6 24. Nxd7+ Rxd7 25. Bxc6 bxc6 26. Bf2 Re6 27. Ra1
Re2 28. Ng2 Qb5 29. b3 Nd5 30. Qd3 Bh6 31. Rxa6 Qxd3 32. Rxd3 Nb4 33. Ra8+ Kg7
34. Rc3 Bd2 35. Rc4 Nd3 36. Bg3 c5 37. dxc5 Bb4 38. c6 Rde7 39. Ra1 Rb2 40. Re4
Bc5+ 41. Kf1 Rxe4 42. fxe4 Bb6 43. gxh5 gxh5 44. Ne1 Rxb3 45. Nxd3 Rxd3 46. Kg2
Rd2+ 47. Kf3 Rc2 48. Rd1 Rxc6 49. Rd5 Rc3+ 50. Kg2 Re3 51. Rxh5 Rxe4 52. Kf3
Re6 53. Rb5 Kf6 54. Bh4+ Kg6 55. Rg5+ Kh6 56. Rf5 Kg7 57. Rg5+ Rg6 58. Rxg6+
fxg6 59. Bd8 1/2-1/2

[Event "28.Schlosspark-Open"]
[Site "Wiesbaden-Biebrich"]
[Date "2016.08.27"]
[Round "4.21"]
[White "FÃ¤rber, David"]
[Black "Wiewesiek, Timo"]
[Result "1-0"]
[WhiteElo "2115"]
[BlackElo "1903"]
[PlyCount "51"]
[EventDate "2016.??.??"]
[WhiteTeam "SV Walldorf"]
[BlackTeam "Schachforum Darmstadt"]

1. e4 c6 2. d4 d5 3. Nd2 dxe4 4. Nxe4 Nd7 5. Ng5 Ngf6 6. Bd3 e6 7. N1f3 c5 8.
Ne5 Nxe5 9. dxe5 Nd7 10. Nxe6 Qb6 11. Nxf8 Nxf8 12. O-O Bd7 13. Qe2 Ne6 14. c3
g5 15. Kh1 Nf4 16. Bxf4 gxf4 17. Qe4 Qh6 18. Qxb7 Rd8 19. Bb5 Qb6 20. Bxd7+
Rxd7 21. Qc8+ Rd8 22. Qf5 O-O 23. Qxf4 Qxb2 24. Rae1 Qb6 25. Re3 Kh8 26. e6 1-0

[Event "28.Schlosspark-Open"]
[Site "Wiesbaden-Biebrich"]
[Date "2016.08.27"]
[Round "4.22"]
[White "Kregelin, Jan"]
[Black "Chernykh, Arkady"]
[Result "1-0"]
[WhiteElo "2101"]
[BlackElo "1900"]
[PlyCount "61"]
[EventDate "2016.??.??"]
[WhiteTeam "FVS ASP Hoyerswerda"]
[BlackTeam "Karlsruher SF"]

1. c4 Nf6 2. Nc3 g6 3. g3 Bg7 4. Bg2 d6 5. d3 O-O 6. e3 c5 7. Nge2 Nc6 8. O-O
Bg4 9. h3 Bd7 10. a3 Qc8 11. Kh2 a6 12. Nd5 Qd8 13. Rb1 e6 14. Nxf6+ Bxf6 15.
Bd2 d5 16. b4 dxc4 17. dxc4 cxb4 18. axb4 Qc7 19. b5 axb5 20. cxb5 Ne7 21. Bc3
Bxc3 22. Nxc3 Ra3 23. Ne4 Nd5 24. Qd4 Qd8 25. Rfd1 Qe7 26. Nc5 Ra2 27. Nxd7
Qxd7 28. e4 Re2 29. exd5 exd5 30. Qxd5 Qe7 31. Rd2 1-0

[Event "28.Schlosspark-Open"]
[Site "Wiesbaden-Biebrich"]
[Date "2016.08.27"]
[Round "4.23"]
[White "Biastoch, Bennet"]
[Black "Grieb, Stefan"]
[Result "1/2-1/2"]
[WhiteElo "2083"]
[BlackElo "1892"]
[PlyCount "50"]
[EventDate "2016.??.??"]
[WhiteTeam "AE Magdeburg"]
[BlackTeam "SK Gau-Algesheim"]

1. e4 c6 2. c4 d6 3. d4 e5 4. Nc3 Nf6 5. Nf3 Bg4 6. Be2 Bxf3 7. Bxf3 Be7 8. d5
c5 9. h4 Nbd7 10. Be3 a6 11. Be2 h5 12. a3 g6 13. g3 Qa5 14. Qb1 Qc7 15. O-O
Ng4 16. Bxg4 hxg4 17. Kg2 O-O-O 18. b4 Rdf8 19. bxc5 Nxc5 20. Bxc5 dxc5 21. d6
Qxd6 22. Nd5 Bd8 23. Qd1 f5 24. Rb1 Qc6 25. Nc3 g5 1/2-1/2

[Event "28.Schlosspark-Open"]
[Site "Wiesbaden-Biebrich"]
[Date "2016.08.27"]
[Round "4.24"]
[White "Kaspereit, Holger"]
[Black "Sefeloge, Michael"]
[Result "1/2-1/2"]
[WhiteElo "2077"]
[BlackElo "1846"]
[PlyCount "45"]
[EventDate "2016.??.??"]
[WhiteTeam "SK Ebringen"]
[BlackTeam "SV Lahnstein"]

1. e4 c5 2. d4 cxd4 3. c3 dxc3 4. Nxc3 d6 5. Nf3 Nf6 6. Bc4 e6 7. O-O Be7 8.
Qe2 a6 9. Rd1 Qc7 10. Bb3 Bd7 11. Be3 Nc6 12. Rac1 Rc8 13. Nd5 exd5 14. exd5
O-O 15. dxc6 Bxc6 16. Nd4 Qd7 17. Nxc6 Rxc6 18. Rxc6 Qxc6 19. Bd4 Re8 20. h3
Bd8 21. Qd3 Qe4 22. Qxe4 Rxe4 23. Kf1 1/2-1/2

[Event "28.Schlosspark-Open"]
[Site "Wiesbaden-Biebrich"]
[Date "2016.08.27"]
[Round "4.25"]
[White "Rolf, Marco"]
[Black "SchÃ¶ber, Sebastian"]
[Result "1-0"]
[WhiteElo "2058"]
[BlackElo "1828"]
[PlyCount "77"]
[EventDate "2016.??.??"]
[WhiteTeam "SK Bad Homburg"]
[BlackTeam "SC Diez"]

1. d4 Nf6 2. c4 c5 3. d5 b5 4. cxb5 a6 5. b6 d6 6. Nc3 Qxb6 7. e4 Nbd7 8. Nf3
g6 9. Be2 Bg7 10. Nd2 O-O 11. Nc4 Qa7 12. O-O Ne8 13. Bg5 Ne5 14. Ne3 h6 15.
Bh4 g5 16. Bg3 Ng6 17. Qc2 Nc7 18. Kh1 Bd7 19. a4 Rab8 20. Nc4 f5 21. f3 f4 22.
Bf2 Ne5 23. Rab1 Rb4 24. b3 a5 25. Na3 Na6 26. Ncb5 Qb7 27. Be1 Rc8 28. Nc4
Nxc4 29. Bxc4 Rxc4 30. bxc4 Nb4 31. Qb3 Qb8 32. Bc3 Kf7 33. Bxg7 Kxg7 34. Rfe1
Rf8 35. Qc3+ Kg6 36. e5 Bf5 37. exd6 exd6 38. Rbd1 Rf6 39. Re2 $138 1-0

[Event "28.Schlosspark-Open"]
[Site "Wiesbaden-Biebrich"]
[Date "2016.08.27"]
[Round "4.26"]
[White "Brechlin, Olaf"]
[Black "Everett, Elijah"]
[Result "1/2-1/2"]
[WhiteElo "1928"]
[BlackElo "2053"]
[PlyCount "69"]
[EventDate "2016.??.??"]
[WhiteTeam "FVS ASP Hoyerswerda"]
[BlackTeam "SF Schöneck"]

1. Nc3 c5 2. g3 g6 3. Bg2 Bg7 4. d3 Nf6 5. e4 d6 6. f4 Nc6 7. Nf3 O-O 8. O-O
Rb8 9. Ne2 e5 10. c3 c4 11. Be3 Ng4 12. Bf2 Nxf2 13. Rxf2 Qb6 14. Rb1 cxd3 15.
Qxd3 d5 16. Nxe5 Nxe5 17. fxe5 dxe4 18. Bxe4 Bxe5 19. Qf3 Be6 20. Bd5 Bf5 21.
Be4 Be6 22. Bd5 Bf5 23. Be4 Bd7 24. Bd5 Kh8 25. Nf4 Bf5 26. Be4 Bxe4 27. Qxe4
Rbe8 28. Qf3 Bxf4 29. Qxf4 Re2 30. Qf6+ Qxf6 31. Rxf6 Rd8 32. Rxf7 Rdd2 33.
Rxb7 Rg2+ 34. Kh1 Rxh2+ 35. Kg1 1/2-1/2

[Event "28.Schlosspark-Open"]
[Site "Wiesbaden-Biebrich"]
[Date "2016.08.27"]
[Round "4.27"]
[White "MÃ¼ller, Peter"]
[Black "Trumpp, Lothar"]
[Result "1/2-1/2"]
[WhiteElo "1912"]
[BlackElo "2045"]
[PlyCount "54"]
[EventDate "2016.??.??"]
[WhiteTeam "Godesberger SK"]
[BlackTeam "VSG Offenbach"]

1. e4 Nc6 2. d4 e5 3. Nf3 exd4 4. Nxd4 Bc5 5. Nb3 Bb4+ 6. Bd2 Bxd2+ 7. Qxd2 d6
8. Nc3 Nf6 9. Bd3 O-O 10. O-O-O a5 11. a4 Be6 12. Nd5 h6 13. Ne3 Bxb3 14. cxb3
Nd4 15. Bc4 c5 16. f3 b5 17. axb5 a4 18. b4 Nb3+ 19. Bxb3 axb3 20. Qc3 cxb4 21.
Qxb3 Qb6 22. Nc2 Rfc8 23. Kb1 Rc5 24. Rd2 Rxb5 25. Rhd1 Ne8 26. Rd4 Rb8 27. h4
Qb7 1/2-1/2

[Event "28.Schlosspark-Open"]
[Site "Wiesbaden-Biebrich"]
[Date "2016.08.27"]
[Round "4.28"]
[White "Seickel, Ralf"]
[Black "Zeyen, Helmut"]
[Result "1-0"]
[WhiteElo "2042"]
[BlackElo "1819"]
[PlyCount "65"]
[EventDate "2016.??.??"]
[WhiteTeam "vereinslos"]
[BlackTeam "Wiesbadener SV"]

1. c4 Nc6 2. g3 e5 3. Nc3 Bb4 4. Nd5 Nge7 5. Bg2 a5 6. b3 Nxd5 7. cxd5 Ne7 8.
Bb2 d6 9. a3 Bc5 10. d4 exd4 11. Bxd4 Nf5 12. Bb2 O-O 13. e4 Nh6 14. Ne2 Bg4
15. h3 Bxe2 16. Qxe2 f6 17. O-O Qd7 18. Kh2 Nf7 19. f4 Rae8 20. Qc4 b5 21. Qc2
Bb6 22. b4 axb4 23. axb4 Ra8 24. Rxa8 Rxa8 25. Ra1 Rxa1 26. Bxa1 Qe8 27. Qa2 h6
28. Bf3 Kh7 29. Bh5 g6 30. Bf3 f5 31. Qb2 Qh8 32. e5 g5 33. e6 1-0